000
00255nam a2200097 a 4500
005
20200930074823.0
008
111124s1926 000 spa d
245
3
_a
El teatro del uruguayo Florencio Sánchez.
260
_a
Barcelona,
_c
1926.
999
_c
35527
_d
35527
040
_a
DO-SdBNP